000 01497cam a2200337 a 4500
999 _c2920
_d2920
001 14218341
005 20170921115519.0
008 060104s1998 lo b 000 0 eng d
010 _a 2005325498
020 _a1779100027
035 _a(OCoLC)ocm44995400
040 _aCUY
_cCUY
_dBAKER
_dDLC
042 _alccopycat
_alcode
043 _afs-----
050 0 0 _aGE160.A356
_bC48 1998
100 1 _aChenje, Munyaradzi.
_923618
245 1 0 _aReporting the southern African environment :
_ba media handbook /
_ccompiled and edited by M. Chenje.
246 3 0 _aSouthern African environment
260 _aMaseru, Lesotho :
_bSouthern African Development Community ;
_aHarare, Zimbabwe :
_bIUCN, The World Conservation Union :
_bSouthern African Research and Documentation Centre,
_cc1998.
300 _axi, 272 p. ;
_c20 cm.
504 _aIncludes bibliographical references (p. 219-224).
650 0 _aEnvironmental indicators
_zAfrica, Southern.
_936046
651 0 _aAfrica, Southern
_xEnvironmental conditions.
_936047
710 2 _aSouthern African Development Community.
_923620
710 2 _aIUCN--The World Conservation Union.
_936048
710 2 _aSouthern African Research and Documentation Centre.
_923370
856 4 1 _3Table of contents only
_uhttp://www.loc.gov/catdir/toc/fy0611/2005325498.html
906 _a7
_bcbc
_ccopycat
_d3
_encip
_f20
_gy-gencatlg
942 _2lcc
_cMONOGRAPH